| 000 | 00829cam a22002777a 4500 | ||
|---|---|---|---|
| 003 | CHAP | ||
| 005 | 20220329134002.0 | ||
| 008 | 971013s1962 r 00010 d | ||
| 010 | _a13632 | ||
| 011 | _a14604 | ||
| 035 | _a18678 | ||
| 040 | _cCHAP | ||
| 082 |
_a160 _bG64 |
||
| 100 | 0 | 0 |
_aGonzález Asenjo, Florencio. _948703 |
| 245 | 1 | 3 |
_aEl todo y las partes _b: estudios de ontología formal |
| 260 |
_aMadrid : _bMartínez de Murguía, _c1962 |
||
| 300 | _a276 p | ||
| 590 |
_aBATCH-UPD _b10 _c20130110 _lUCH01 _h1420 |
||
| 590 |
_aBATCH-UPD _b10 _c20130410 _lUCH01 _h0902 |
||
| 590 |
_aBATCH-UPD _b10 _c20130914 _lUCH01 _h1729 |
||
| 590 |
_aCONVERSION _b10 _c20130109 _lUCH01 _h1309 |
||
| 650 | 1 | 4 |
_aLógica. _967611 |
| 901 | _aBK | ||
| 942 | _cLIBRO | ||
| 949 |
_a160 G64 _bBC _cLIBRO _d33724000287033 _eLIBRO _h69143 _i18678 _mD _si |
||
| 999 |
_c13632 _d13632 |
||